[Event "DVM U12w 2022"]
[Site "Berlin GER"]
[Date "2022.12.28"]
[Round "5"]
[White "Yan, Jenny"]
[Black "Hladeniuk, Yelyzaveta"]
[Result "0-1"]
[Termination "normal"]
[Board "1.2"]
[WhiteElo "954"]
[BlackElo "1146"]
[WhiteTeam "Hamburger SK von 1830 eV"]
[BlackTeam "SchachAkademiePaderborn e. V."]
[PlyCount "54"]
[WhiteFideId "34630376"]
[BlackFideId "34176128"]
[EventCountry "GER"]
[EventRounds "7"]
[EventType "team-swiss"]
[EventDate "2022.12.26"]

{normal} 1. e4 c6 2. d4 d5 3. exd5 cxd5 4. c4 Nf6 5. Nc3 Bf5 6. Nf3 e6 7. Bg5
Be7 8. Bd3 Bxd3 9. Qxd3 O-O 10. O-O Nc6 11. Rad1 h6 12. Bh4 a6 13. Rfe1 Rb8 14.
cxd5 exd5 15. Ne5 Re8 16. Bg3 Rc8 17. h3 Bd6 18. Nxc6 Rxe1 19. Rxe1 Rxc6 20.
Bxd6 Qxd6 21. Re3 Qd8 22. Rg3 Qb6 23. Qd2 Ne4 24. Nxe4 dxe4 25. Qe2 Qxd4 26.
Rg4 Qe5 27. Rxe4 Rc1 0-1

[Event "DVM U12w 2022"]
[Site "Berlin GER"]
[Date "2022.12.28"]
[Round "5"]
[White "Cao, Weiqi"]
[Black "Fomenkova, Elina"]
[Result "0-1"]
[Termination "normal"]
[Board "1.3"]
[WhiteElo "1116"]
[BlackElo "996"]
[WhiteTeam "SchachAkademiePaderborn e. V."]
[BlackTeam "Hamburger SK von 1830 eV"]
[PlyCount "111"]
[WhiteFideId "34630112"]
[BlackFideId "34623760"]
[EventCountry "GER"]
[EventRounds "7"]
[EventType "team-swiss"]
[EventDate "2022.12.26"]

{normal} 1. d4 Nf6 2. Nf3 e6 3. g3 b6 4. Bg2 Bb7 5. O-O d5 6. c4 Bd6 7. Nc3 O-O
8. Re1 dxc4 9. Qa4 Nbd7 10. Qxc4 c5 11. e3 Rc8 12. Qd3 Re8 13. Nb5 Bb8 14. Rd1
Ba6 15. a4 c4 16. Qd2 Bb7 17. Qb4 Nf8 18. b3 a6 19. Na3 Bd6 20. Qc3 Bxa3 21.
Bxa3 b5 22. axb5 axb5 23. Ne5 Bxg2 24. Kxg2 Qd5 25. Kg1 cxb3 26. Qd3 N8d7 27.
Nxd7 Nxd7 28. Rab1 Rb8 29. Rxb3 Red8 30. Rdb1 e5 31. Rxb5 e4 32. Rxd5 exd3 33.
Rxb8 Rxb8 34. Bc1 Nf6 35. Rc5 Ne4 36. Re5 Nc3 37. Ra5 Ne2 38. Kf1 Nxc1 39. Ke1
g6 40. Rc5 Rb1 41. Kd2 Nb3 42. Kxd3 Nxc5 43. dxc5 Kf8 44. Kd4 Ke7 45. Kd5 Kd7
46. c6 Kc7 47. Kc5 Rb2 48. f4 Rxh2 49. e4 Rg2 50. Kd5 Rxg3 51. f5 h5 52. fxg6
Rxg6 53. e5 h4 54. e6 fxe6 55. Ke5 h3 56. Kf4 {hier schrieben beide h1=D auf -
Partie nicht mehr nachvollziehbar} 0-1

[Event "DVM U12w 2022"]
[Site "Berlin GER"]
[Date "2022.12.28"]
[Round "5"]
[White "Blome, Antonia"]
[Black "Achilles, Rosa"]
[Result "0-1"]
[Termination "normal"]
[Board "1.4"]
[WhiteElo "966"]
[BlackElo "996"]
[WhiteTeam "Hamburger SK von 1830 eV"]
[BlackTeam "SchachAkademiePaderborn e. V."]
[PlyCount "120"]
[WhiteFideId "34630090"]
[BlackFideId "34630066"]
[EventCountry "GER"]
[EventRounds "7"]
[EventType "team-swiss"]
[EventDate "2022.12.26"]

{normal} 1. d4 d5 2. Bf4 Nf6 3. e3 g6 4. h3 Bg7 5. Nf3 O-O 6. Nbd2 c5 7. c3
cxd4 8. exd4 Qb6 9. Bd3 Qxb2 10. Qc1 Qxc1 11. Rxc1 Nc6 12. O-O a6 13. c4 e6 14.
c5 Nh5 15. Be3 e5 16. dxe5 Nxe5 17. Nxe5 Bxe5 18. Nf3 Bf4 19. Rfe1 Bxe3 20.
Rxe3 Be6 21. a4 Rfc8 22. Ree1 Rc7 23. Ng5 Nf4 24. Re3 Rac8 25. Nxe6 Nxe6 26. g3
Nxc5 27. Kg2 Nxa4 28. Rxc7 Rxc7 29. Re8 Kg7 30. g4 b5 31. Rd8 Nc5 32. Rxd5 Nxd3
33. Rxd3 b4 34. Kf1 Rc3 35. Rd4 b3 36. Rb4 a5 37. Rb6 a4 38. Ke2 Rc2 39. Kd3
Rxf2 40. Kc3 b2 41. Rxb2 Rxb2 42. Kxb2 Kf6 43. Ka3 Kg5 44. Kxa4 Kh4 45. Kb5
Kxh3 46. g5 Kg4 47. Kc6 Kxg5 48. Kd6 h5 49. Ke5 h4 50. Ke4 Kg4 51. Ke3 Kg3 52.
Ke2 Kg2 53. Ke3 h3 54. Kf4 h2 55. Kg5 h1=Q 56. Kf6 Qh5 57. Kxf7 Kf3 58. Kg7 g5
59. Kf6 g4 60. Ke6 Qg5 0-1

[Event "DVM U12w 2022"]
[Site "Berlin GER"]
[Date "2022.12.28"]
[Round "5"]
[White "Vogt, Luna"]
[Black "Leicher, Anna"]
[Result "0-1"]
[Termination "normal"]
[Board "2.1"]
[WhiteElo "1345"]
[BlackElo "1248"]
[WhiteTeam "Schachgemeinschaft Porz e. V."]
[BlackTeam "FC Bayern München e.V."]
[PlyCount "90"]
[WhiteFideId "34607153"]
[BlackFideId "34614966"]
[EventCountry "GER"]
[EventRounds "7"]
[EventType "team-swiss"]
[EventDate "2022.12.26"]

{normal} 1. d4 d5 2. c4 c6 3. Nc3 Nf6 4. Nf3 e6 5. Bg5 Be7 6. e3 O-O 7. Qc2 Re8
8. Bd3 Nbd7 9. cxd5 exd5 10. O-O Nf8 11. Bf4 Bd6 12. Bg3 Ng6 13. Rfe1 b6 14.
Rac1 Be6 15. Ne5 Rc8 16. Qb1 c5 17. Nb5 Be7 18. Nxg6 fxg6 19. dxc5 bxc5 20.
Nxa7 Ra8 21. Nc6 Qc8 22. Nxe7 Rxe7 23. Bd6 Rea7 24. a3 c4 25. Be2 Ne4 26. Be5
Bf5 27. Qa2 Qe6 28. Bd4 Ra5 29. Red1 Qf7 30. Bf3 g5 31. Bxe4 Bxe4 32. Rc3 Qh5
33. Rd2 Qg4 34. f4 Rf8 35. b4 gxf4 36. exf4 Rxf4 37. Rg3 Qf5 38. Rf2 g6 39. Qd2
Rxf2 40. Qxf2 Qh5 41. Qe1 Ra8 42. Bf2 Rf8 43. a4 Qf5 44. Re3 Qg4 45. b5 Qxg2#
0-1

[Event "DVM U12w 2022"]
[Site "Berlin GER"]
[Date "2022.12.28"]
[Round "5"]
[White "Ramakrishnan, Veda"]
[Black "Brandt, Clara"]
[Result "0-1"]
[Termination "normal"]
[Board "2.2"]
[WhiteElo "1142"]
[BlackElo "1163"]
[WhiteTeam "FC Bayern München e.V."]
[BlackTeam "Schachgemeinschaft Porz e. V."]
[PlyCount "82"]
[WhiteFideId "16269519"]
[BlackFideId "34614737"]
[EventCountry "GER"]
[EventRounds "7"]
[EventType "team-swiss"]
[EventDate "2022.12.26"]

{normal} 1. d4 Nf6 2. c4 g6 3. Nf3 Bg7 4. Bf4 e6 5. Nc3 d5 6. e3 O-O 7. Bd3
Nbd7 8. O-O c5 9. Ne5 b6 10. Nc6 Qe8 11. Bd6 Bb7 12. Bxf8 Qxf8 13. Ne5 Nxe5 14.
dxe5 Nd7 15. cxd5 exd5 16. f4 Qe7 17. Qd2 Re8 18. Rfe1 a6 19. Rad1 b5 20. Be2
Nb6 21. Bf3 Rd8 22. b3 b4 23. Nb1 a5 24. e4 d4 25. Rc1 Rc8 26. Qd3 Qd7 27. Rc2
Bf8 28. h3 Qe8 29. Nd2 Ra8 30. Qf1 Ba6 31. Be2 Bb7 32. Nc4 Nxc4 33. Bxc4 Rc8
34. Qf3 Qe7 35. Qg3 Bg7 36. Qg4 Rc6 37. Bd5 Rc7 38. Bxb7 Rxb7 39. Qc8+ Bf8 40.
Rxc5 Qxc5 41. Qxc5 Bxc5 {Notation Unvollständig} 0-1

[Event "DVM U12w 2022"]
[Site "Berlin GER"]
[Date "2022.12.28"]
[Round "5"]
[White "Artemenko, Isabella"]
[Black "Daaboul, Dima"]
[Result "0-1"]
[Termination "normal"]
[Board "2.4"]
[WhiteElo "937"]
[BlackElo "885"]
[WhiteTeam "FC Bayern München e.V."]
[BlackTeam "Schachgemeinschaft Porz e. V."]
[PlyCount "50"]
[WhiteFideId "34639616"]
[BlackFideId "34619720"]
[EventCountry "GER"]
[EventRounds "7"]
[EventType "team-swiss"]
[EventDate "2022.12.26"]

{normal} 1. d4 b6 2. e4 Bb7 3. e5 e6 4. Nf3 f6 5. Be3 d6 6. c3 dxe5 7. dxe5
Qxd1 8. Kxd1 Nd7 9. exf6 Ngxf6 10. Bd3 Rd8 11. Bc4 Ne5 12. Nbd2 Nxc4 13. Re1
Be7 14. Bf4 Ne4 15. Kc2 Nexd2 16. Nxd2 Nxd2 17. Bxd2 Rd6 18. Bf4 Rd7 19. f3 O-O
20. Bg3 Rfd8 21. Rxe6 Rd2 22. Kb3 Bd5 23. c4 Bxe6 24. Bxc7 R8d3 25. Ka4 Bd7#
0-1

[Event "DVM U12w 2022"]
[Site "Berlin GER"]
[Date "2022.12.28"]
[Round "5"]
[White "Le, Thao-Linh"]
[Black "Xiao, Yiyi"]
[Result "0-1"]
[Termination "normal"]
[Board "3.1"]
[WhiteElo "1182"]
[BlackElo "1162"]
[WhiteTeam "TSG Oberschöneweide e.V."]
[BlackTeam "SC Weisse Dame e.V."]
[PlyCount "74"]
[WhiteFideId "16279131"]
[BlackFideId "34605665"]
[EventCountry "GER"]
[EventRounds "7"]
[EventType "team-swiss"]
[EventDate "2022.12.26"]

{normal} 1. e4 e5 2. Nc3 Bc5 3. Bc4 d6 4. d3 Nf6 5. Bg5 Be6 6. Bb3 h6 7. Be3
Bb6 8. h3 Nc6 9. Nd5 Bxe3 10. fxe3 Bxd5 11. exd5 Ne7 12. e4 Ng6 13. Nf3 Nf4 14.
Qd2 O-O 15. d4 Nxe4 16. Qe3 Nxg2+ 17. Ke2 Nxe3 18. Kxe3 exd4+ 19. Nxd4 Qg5+ 20.
Kf3 Qf6+ 21. Ke3 Nc5 22. Bc4 Rae8+ 23. Kd2 Qxd4+ 24. Bd3 Qe3+ 25. Kd1 Nxd3 26.
cxd3 Qxd3+ 27. Kc1 Re2 28. Rd1 Qc4+ 29. Kb1 Rfe8 30. a3 R8e3 31. Rc1 Qb3 32.
Ra2 Qxd5 33. Ka1 Rb3 34. Rb1 Qc4 35. h4 a5 36. h5 Rc3 37. a4 Rc1 {Notaion
Unvollständig} 0-1

[Event "DVM U12w 2022"]
[Site "Berlin GER"]
[Date "2022.12.28"]
[Round "5"]
[White "Zhou, Leyi Charlotte"]
[Black "Weng, Yueyi Elina"]
[Result "1-0"]
[Termination "normal"]
[Board "3.2"]
[WhiteElo "1320"]
[BlackElo "924"]
[WhiteTeam "SC Weisse Dame e.V."]
[BlackTeam "TSG Oberschöneweide e.V."]
[PlyCount "51"]
[WhiteFideId "16258100"]
[BlackFideId "34639896"]
[EventCountry "GER"]
[EventRounds "7"]
[EventType "team-swiss"]
[EventDate "2022.12.26"]

{normal} 1. e4 c6 2. d4 d5 3. e5 Bf5 4. h4 f6 5. Nf3 e6 6. Nc3 Nd7 7. Bf4 c5 8.
Bb5 a6 9. Bxd7+ Qxd7 10. Qd2 Ne7 11. dxc5 Nc6 12. Na4 Qf7 13. O-O-O Bg4 14.
exf6 Qxf6 15. Nb6 Ra7 16. Nc8 Ra8 17. Nd6+ Bxd6 18. cxd6 e5 19. Rhe1 e4 20. Bg3
Kd7 21. Z0 Rad8 22. Z0 Kc8 {illeg. Zug ( Lange Rochade nicht mehr möglich).}
23. Qxd5 exf3 24. gxf3 Bxf3 25. d7+ Rxd7 26. Qxd7# 1-0

[Event "DVM U12w 2022"]
[Site "Berlin GER"]
[Date "2022.12.28"]
[Round "5"]
[White "Neurohr, Katharina"]
[Black "John, Linnea"]
[Result "0-1"]
[Termination "normal"]
[Board "3.3"]
[WhiteElo "941"]
[BlackElo "1326"]
[WhiteTeam "TSG Oberschöneweide e.V."]
[BlackTeam "SC Weisse Dame e.V."]
[PlyCount "67"]
[WhiteFideId "34639810"]
[BlackFideId "34623680"]
[EventCountry "GER"]
[EventRounds "7"]
[EventType "team-swiss"]
[EventDate "2022.12.26"]

{normal} 1. e4 c5 2. d4 cxd4 3. c3 d3 4. Bxd3 g6 5. Be3 Bg7 6. Nf3 d6 7. O-O
Nf6 8. Nbd2 O-O 9. Re1 Nc6 10. Nf1 Bg4 11. h3 Bxf3 12. Qxf3 Ne5 13. Qd1 Rc8 14.
Ng3 Nfd7 15. f4 Nxd3 16. Qxd3 Nc5 17. Bxc5 Rxc5 18. Rac1 Qb6 19. Kh2 Qxb2 20.
Rc2 Qb5 21. Qxb5 Rxb5 22. Rd1 Rc8 23. Rd5 Rxd5 24. exd5 Rxc3 25. Re2 Kf8 26.
Re4 Rc5 27. Rb4 b6 28. a4 Rxd5 29. Rc4 Rc5 30. Rb4 a5 31. Ne2 Rc2 32. Nd4 Bxd4
33. Rxd4 e6 34. Kg3 {partie ab hier nicht nachvollziehbar} 0-1

[Event "DVM U12w 2022"]
[Site "Berlin GER"]
[Date "2022.12.28"]
[Round "5"]
[White "Burchardi, Helena"]
[Black "Rätsch, Elina"]
[Result "1-0"]
[Termination "normal"]
[Board "3.4"]
[WhiteElo "1044"]
[BlackElo "919"]
[WhiteTeam "SC Weisse Dame e.V."]
[BlackTeam "TSG Oberschöneweide e.V."]
[PlyCount "37"]
[WhiteFideId "34636374"]
[BlackFideId "34639853"]
[EventCountry "GER"]
[EventRounds "7"]
[EventType "team-swiss"]
[EventDate "2022.12.26"]

{normal} 1. e4 c6 2. d4 d5 3. e5 Bf5 4. Nc3 e6 5. Nf3 Bb4 6. Bd2 Ne7 7. Bd3 Bg6
8. Qe2 O-O 9. O-O Nd7 10. Ng5 h6 11. Nf3 c5 12. Qe3 Nf5 13. Qf4 f6 14. Qg4 Qe8
15. Nb5 Rc8 16. c3 Ba5 17. Nd6 Nxd6 18. Bxg6 Nf5 19. Rfe1 {Partie ab hier nicht
mehr nachvollziehbar ( Sf6 obwohl auf f6 ein schwarzer Bauer steht)} 1-0

[Event "DVM U12w 2022"]
[Site "Berlin GER"]
[Date "2022.12.28"]
[Round "5"]
[White "Mehner, Clara"]
[Black "Bauer, Laura Sophie"]
[Result "0-1"]
[Termination "normal"]
[Board "4.1"]
[WhiteElo "1200"]
[BlackElo "1388"]
[WhiteTeam "USG Chemnitz"]
[BlackTeam "Schachfreunde Roding"]
[PlyCount "38"]
[WhiteFideId "34612165"]
[BlackFideId "16253647"]
[EventCountry "GER"]
[EventRounds "7"]
[EventType "team-swiss"]
[EventDate "2022.12.26"]

{normal} 1. e4 e5 2. Nf3 Nc6 3. d4 exd4 4. Bc4 Nf6 5. O-O Nxe4 6. Re1 d5 7.
Bxd5 Qxd5 8. Nc3 Qd8 9. Nxe4 Be7 10. Bf4 O-O 11. Qd3 h6 12. Rad1 Be6 13. Nxd4
Nxd4 14. Qxd4 Qxd4 15. Rxd4 c5 16. Rdd1 Rfd8 17. h3 b6 18. Bc7 Rd7 19. Bg3 Bf5
{Partie ab hier nicht nachvollziehbar.} 0-1

[Event "DVM U12w 2022"]
[Site "Berlin GER"]
[Date "2022.12.28"]
[Round "5"]
[White "Fruth, Julia"]
[Black "Schwarzfischer, Ramona"]
[Result "1-0"]
[Termination "normal"]
[Board "4.3"]
[WhiteElo "1081"]
[BlackElo "796"]
[WhiteTeam "USG Chemnitz"]
[BlackTeam "Schachfreunde Roding"]
[PlyCount "45"]
[WhiteFideId "34603050"]
[BlackFideId "16268113"]
[EventCountry "GER"]
[EventRounds "7"]
[EventType "team-swiss"]
[EventDate "2022.12.26"]

{normal} 1. e4 e5 2. Nf3 d6 3. d4 g6 4. Bc4 Bg7 5. dxe5 dxe5 6. Bxf7 Ke7 7. Bg5
Bf6 8. Qxd8 Kxd8 9. Bxg8 Bxg5 10. Bxh7 Rxh7 11. Nxg5 Re7 12. Nc3 Nc6 13. O-O-O
Ke8 14. Nd5 Rg7 15. Rd2 Nd4 16. Rhd1 c5 17. c3 Nc6 18. Nf6 Kf8 19. Nfh7 Ke7 20.
Rd5 Bd7 21. Rxd7 Ke8 22. Nf6 Kf8 23. Ne6# 1-0

[Event "DVM U12w 2022"]
[Site "Berlin GER"]
[Date "2022.12.28"]
[Round "5"]
[White "Richter, Johanna"]
[Black "Prokscha, Charlotte"]
[Result "1-0"]
[Termination "normal"]
[Board "5.1"]
[WhiteElo "1390"]
[BlackElo "1430"]
[WhiteTeam "Sfr. Heidesheim"]
[BlackTeam "SC Garching 1980 e.V. 1"]
[PlyCount "112"]
[WhiteFideId "16278925"]
[BlackFideId "34614699"]
[EventCountry "GER"]
[EventRounds "7"]
[EventType "team-swiss"]
[EventDate "2022.12.26"]

{normal} 1. d4 d5 2. c4 e5 3. cxd5 Qxd5 4. Nc3 Bb4 5. e3 exd4 6. Qxd4 Qxd4 7.
exd4 Nf6 8. Nf3 Nc6 9. Bd3 Bd7 10. a3 Ba5 11. b4 Bb6 12. Be3 Ne7 13. Ne5 Be6
14. Na4 Nfd5 15. Nxb6 axb6 16. Bd2 f6 17. Nf3 O-O 18. h3 Rfe8 19. O-O Nc6 20.
Rfe1 Bf7 21. Rxe8+ Rxe8 22. Kf1 Ra8 23. Be4 g5 24. b5 Nce7 25. Bd3 Be8 26. a4
Nc8 27. Bc4 Bf7 28. Bd3 Nd6 29. Ne1 c6 30. bxc6 bxc6 31. Nc2 Be8 32. Nb4 Kg7
33. Nxd5 cxd5 34. a5 bxa5 35. Rxa5 Rxa5 36. Bxa5 Nb5 37. Bb6 Nc3 38. Bc5 Kf7
39. Ke1 Ne4 40. f3 Nc3 41. Kd2 Nb5 42. Ke3 h5 43. h4 Bd7 44. g3 Nc7 45. f4 f5
46. Bd6 Nb5 47. Be5 Nc3 48. Bc2 Ne4 49. Bxe4 dxe4 50. d5 Ke7 51. Kd4 Bc8 52.
Kc5 e3 53. Bc3 Ba6 54. Kc6 Bc4 55. d6+ Ke6 56. Kc7 Bb5 {Notation unvollständig
} 1-0

[Event "DVM U12w 2022"]
[Site "Berlin GER"]
[Date "2022.12.28"]
[Round "5"]
[White "Doberchak, Emily Alice"]
[Black "Bakó, Isabella"]
[Result "0-1"]
[Termination "normal"]
[Board "5.2"]
[WhiteElo "883"]
[BlackElo "1202"]
[WhiteTeam "SC Garching 1980 e.V. 1"]
[BlackTeam "Sfr. Heidesheim"]
[PlyCount "74"]
[WhiteFideId "34630139"]
[BlackFideId "16287266"]
[EventCountry "GER"]
[EventRounds "7"]
[EventType "team-swiss"]
[EventDate "2022.12.26"]

{normal} 1. e4 c5 2. Nc3 Nc6 3. Nf3 d6 4. Be2 Nf6 5. d3 g6 6. Be3 Bg7 7. Qd2
O-O 8. O-O-O b5 9. Bh6 b4 10. Na4 Qa5 11. b3 Bh8 12. d4 Nxe4 13. Qe3 Nc3 14.
Kd2 Nxd1 15. Rxd1 cxd4 16. Qd3 Rd8 17. Ke1 Ne5 18. Qd2 Bd7 19. Nxd4 Bxa4 20.
bxa4 Qd5 21. Ra1 Qxg2 22. Qe3 Qh1 23. Bf1 Nf3 24. Nxf3 Bxa1 25. Ke2 Rac8 26.
Qg5 Rxc2 27. Ke3 Qxf1 28. Qxe7 Re2 29. Kf4 Rxe7 30. Bg5 Qc1 31. Kg4 Re4 32. Kg3
Qc8 33. h4 Qg4 34. Kh2 Qxf3 35. Kg1 Re1 36. Kh2 Be5 37. Bf4 Bxf4# 0-1

[Event "DVM U12w 2022"]
[Site "Berlin GER"]
[Date "2022.12.28"]
[Round "5"]
[White "Krannich, Eva"]
[Black "Berger, Jennifer"]
[Result "0-1"]
[Termination "normal"]
[Board "5.3"]
[WhiteElo "948"]
[BlackElo "918"]
[WhiteTeam "Sfr. Heidesheim"]
[BlackTeam "SC Garching 1980 e.V. 1"]
[PlyCount "122"]
[WhiteFideId "34639713"]
[BlackFideId "34630074"]
[EventCountry "GER"]
[EventRounds "7"]
[EventType "team-swiss"]
[EventDate "2022.12.26"]

{normal} 1. e3 e5 2. d4 Nc6 3. dxe5 Nxe5 4. Bd2 d5 5. Bc3 Nc6 6. Nf3 Nf6 7. Bb5
Bg4 8. Nbd2 Bd6 9. O-O O-O 10. Nb3 a6 11. Be2 Ne4 12. Bd4 Re8 13. Re1 b6 14.
Rc1 Ne7 15. g3 c5 16. Bc3 Bh3 17. Bf1 Qd7 18. Ne5 Bxe5 19. Bxe5 Ng6 20. Bf4
Rad8 21. Na1 c4 22. b3 b5 23. bxc4 bxc4 24. c3 h6 25. f3 Nf6 26. g4 Bxf1 27.
Rxf1 Qa7 28. Bg3 Qxe3 29. Kh1 Qe2 30. Rc2 Qxd1 31. Rxd1 Re3 32. Kg2 Rde8 33.
Rdd2 Kh7 34. Rb2 Rxc3 35. Nc2 Rd3 36. Nb4 Rxf3 37. Kxf3 c3 38. Nxa6 cxd2 39.
Rxd2 Rd8 40. Nb4 d4 41. Nc6 Rc8 42. Nxd4 Rc3 43. Kg2 Ne4 44. Nf5 Nxd2 45. Be1
Rc2 46. Ne3 Rxa2 47. Bxd2 Rxd2 48. Kh3 Rd3 49. Kg2 Rxe3 50. g5 hxg5 51. Kh1 Re2
52. Kg1 f5 53. Kf1 Ra2 54. Kg1 f4 55. Kf1 Rxh2 56. Kg1 Ra2 57. Kf1 Kh6 58. Kg1
Kh5 59. Kf1 Kg4 60. Kg1 Kf3 61. Kf1 Ra1# 0-1

[Event "DVM U12w 2022"]
[Site "Berlin GER"]
[Date "2022.12.28"]
[Round "5"]
[White "Hoffmann, Svenja"]
[Black "Türel, Tugce"]
[Result "1-0"]
[Termination "normal"]
[Board "6.1"]
[WhiteElo "1431"]
[BlackElo "1318"]
[WhiteTeam "Schachzwerge Magdeburg"]
[BlackTeam "Schachfreunde München e.V."]
[PlyCount "69"]
[WhiteFideId "16287312"]
[BlackFideId "26350602"]
[EventCountry "GER"]
[EventRounds "7"]
[EventType "team-swiss"]
[EventDate "2022.12.26"]

{normal} 1. e4 e5 2. Nf3 Nc6 3. Bc4 Bc5 4. c3 Nf6 5. d4 exd4 6. e5 d5 7. Bb5
Ne4 8. cxd4 Bb6 9. Nc3 a6 10. Bxc6 bxc6 11. Qd3 Bf5 12. Qe3 c5 13. O-O O-O 14.
Na4 Qe7 15. Nxb6 cxb6 16. Qf4 Bg6 17. Be3 f6 18. Nh4 cxd4 19. Nxg6 hxg6 20.
Bxd4 g5 21. exf6 gxf6 22. Qe3 Qb4 23. f3 Nd6 24. Qe6 Kg7 25. Qxd5 Rad8 26. Qxg5
Kh7 27. Bxf6 Rxf6 28. Qxf6 Qc5 29. Kh1 Qc7 30. Rfe1 Rd7 31. Re6 Kg8 32. Rae1
Rf7 33. Re8 Nxe8 34. Rxe8 Kh7 35. Rh8# 1-0

[Event "DVM U12w 2022"]
[Site "Berlin GER"]
[Date "2022.12.28"]
[Round "5"]
[White "Funke, Luise"]
[Black "Lola, Georgia-Maria"]
[Result "1-0"]
[Termination "normal"]
[Board "6.3"]
[WhiteElo "1091"]
[BlackElo "1001"]
[WhiteTeam "Schachzwerge Magdeburg"]
[BlackTeam "Schachfreunde München e.V."]
[PlyCount "65"]
[WhiteFideId "34623752"]
[BlackFideId "34629335"]
[EventCountry "GER"]
[EventRounds "7"]
[EventType "team-swiss"]
[EventDate "2022.12.26"]

1. e4 e5 2. Nf3 Nc6 3. Bc4 Bc5 4. c3 Nf6 5. d4 exd4 6. e5 Ng8 7. cxd4 Bb4 8.
Nc3 d5 9. Bb5 Bd7 10. Bg5 f6 11. exf6 Nxf6 12. O-O a6 13. Bxc6 Bxc6 14. Re1 Be7
15. Bxf6 gxf6 16. Qc2 Qd6 17. Qe2 Rg8 18. Qe3 Rg7 19. Qh6 Rf7 20. Qh5 b5 21.
Nd2 b4 22. Nd1 Bd7 23. Nf1 Be6 24. Qe2 Bd7 25. Nd2 Bb5 26. Qe3 Bd7 27. Nb3 f5
28. Nc5 f4 29. Qe5 Qg6 30. Nxd7 Rg7 31. Nf6 Kd8 32. Qxd5 Kc8 33. Qxa8# 1-0

[Event "DVM U12w 2022"]
[Site "Berlin GER"]
[Date "2022.12.28"]
[Round "5"]
[White "Polster, Martha"]
[Black "Dominick, Johanna"]
[Result "1-0"]
[Termination "normal"]
[Board "7.1"]
[WhiteElo "1017"]
[BlackElo "1431"]
[WhiteTeam "SchVgg Blankenese von 1923 e.V."]
[BlackTeam "SC Borussia Lichtenberg"]
[PlyCount "101"]
[WhiteFideId "34639845"]
[BlackFideId "16296532"]
[EventCountry "GER"]
[EventRounds "7"]
[EventType "team-swiss"]
[EventDate "2022.12.26"]

1. e4 d6 2. Nf3 Nf6 3. Nc3 g6 4. d4 Bg7 5. Bf4 O-O 6. Bc4 b6 7. e5 dxe5 8. Nxe5
Bb7 9. O-O Nbd7 10. Qd2 Nxe5 11. Bxe5 Ne4 12. Nxe4 Bxe4 13. Bxg7 Kxg7 14. Rfe1
Bd5 15. Bxd5 Qxd5 16. Rxe7 Rfe8 17. Rxc7 Red8 18. Qf4 Rd7 19. Rxd7 Qxd7 20. Re1
Re8 21. Rxe8 Qxe8 22. Qe5 Qxe5 23. dxe5 f6 24. exf6 Kxf6 25. f4 Kf5 26. g3 Ke4
27. Kf2 Kd4 28. Ke2 Ke4 29. c3 b5 30. b3 a6 31. b4 Kf5 32. Kf3 h5 33. h3 Kf6
34. g4 h4 35. Ke4 g5 36. f5 Kf7 37. Ke5 Ke7 38. f6 Kf8 39. Ke6 Ke8 40. f7 Kf8
41. a3 Kg7 42. Ke7 Kh7 43. f8=Q Kg6 44. Qf5 Kh6 45. Qc8 Kg7 46. Qxa6 Kh8 47.
Kf6 Kh7 48. Kxg5 Kh8 49. Qa7 Kg8 50. Kg6 Kf8 51. Qf7# 1-0

[Event "DVM U12w 2022"]
[Site "Berlin GER"]
[Date "2022.12.28"]
[Round "5"]
[White "Klymenko, Mariia"]
[Black "Fettan, Nua"]
[Result "1/2-1/2"]
[Termination "normal"]
[Board "7.2"]
[WhiteElo "996"]
[BlackElo "1103"]
[WhiteTeam "SC Borussia Lichtenberg"]
[BlackTeam "SchVgg Blankenese von 1923 e.V."]
[PlyCount "63"]
[WhiteFideId "34620621"]
[BlackFideId "34637362"]
[EventCountry "GER"]
[EventRounds "7"]
[EventType "team-swiss"]
[EventDate "2022.12.26"]

1. e4 e5 2. Nf3 Nc6 3. Bc4 Bc5 4. c3 d6 5. d3 Bg4 6. Be3 Bxe3 7. fxe3 Nf6 8.
O-O O-O 9. Nbd2 Na5 10. h3 Bh5 11. Qe1 Nxc4 12. Nxc4 d5 13. exd5 Bxf3 14. Rxf3
Qxd5 15. Qg3 Rfe8 16. Rxf6 Rac8 17. Rf5 Qxd3 18. Rxe5 Qxc4 19. Qf4 Qxf4 20.
exf4 Rxe5 21. fxe5 Re8 22. Rd1 Rc8 23. Kf2 h6 24. g4 Re8 25. Re1 g5 26. b4 Kg7
27. a4 Kg6 28. c4 f6 29. exf6 Rxe1 30. Kxe1 Kxf6 31. Ke2 Ke5 32. Ke3 1/2-1/2

[Event "DVM U12w 2022"]
[Site "Berlin GER"]
[Date "2022.12.28"]
[Round "5"]
[White "Pogorzelczyk, Lena"]
[Black "Halas, Neele Zoe"]
[Result "0-1"]
[Termination "normal"]
[Board "8.1"]
[WhiteElo "942"]
[BlackElo "1413"]
[WhiteTeam "SV Heiden 62 e. V."]
[BlackTeam "Schachgemeinschaft Leipzig"]
[PlyCount "140"]
[WhiteFideId "34607439"]
[BlackFideId "16287282"]
[EventCountry "GER"]
[EventRounds "7"]
[EventType "team-swiss"]
[EventDate "2022.12.26"]

1. e4 e5 2. Nf3 Nc6 3. Bc4 Be7 4. c3 Nf6 5. d3 O-O 6. Be3 a6 7. O-O d6 8. h3
Na5 9. Nbd2 Nxc4 10. Nxc4 Be6 11. b3 h6 12. Ncd2 Re8 13. Rc1 Bf8 14. c4 c5 15.
a3 Qa5 16. a4 Nd7 17. Rb1 Nb8 18. Qe2 Nc6 19. Rfc1 Nb4 20. Rb2 g6 21. Nb1 Bg7
22. Bd2 Qb6 23. Qe3 Kh7 24. Bxb4 Qxb4 25. Nh2 f5 26. g4 fxe4 27. Qxe4 Rf8 28.
h4 Rf4 29. Qe2 Raf8 30. Rf1 Bd7 31. f3 e4 32. dxe4 Bxb2 33. Qxb2 Qb6 34. Qc2
Bc6 35. e5 dxe5 36. Nc3 Bxf3 37. Rxf3 Rxf3 38. Nxf3 Rxf3 39. h5 Rg3 40. Kf2
Rxg4 41. Qe2 Qf6 42. Ke1 Rg1 43. Kd2 Qf4 44. Kd3 Qg3 45. Qe3 Qxe3 46. Kxe3 Rg3
47. Kd2 Rxc3 48. Kxc3 gxh5 49. Kd3 Kg6 50. Ke3 Kf5 51. Kf3 e4 52. Kg3 Kg5 53.
a5 h4 54. Kh3 e3 55. Kg2 Kg4 56. Kf1 h3 57. b4 cxb4 58. c5 Kf3 59. c6 bxc6 60.
Ke1 h2 61. Kd1 h1=Q 62. Kc2 Qg2 63. Kb3 e2 64. Kxb4 Qg4 65. Kc5 Qf5 66. Kb6 Qb5
67. Kc7 e1=R 68. Kd7 Qb7 69. Kd6 Rd1 70. Kc5 Qb5# 0-1

[Event "DVM U12w 2022"]
[Site "Berlin GER"]
[Date "2022.12.28"]
[Round "5"]
[White "Peglau, Lorena"]
[Black "Franzen, Karoline"]
[Result "1-0"]
[Termination "normal"]
[Board "8.2"]
[WhiteElo "1233"]
[BlackElo "881"]
[WhiteTeam "Schachgemeinschaft Leipzig"]
[BlackTeam "SV Heiden 62 e. V."]
[PlyCount "65"]
[WhiteFideId "16290542"]
[BlackFideId "34639667"]
[EventCountry "GER"]
[EventRounds "7"]
[EventType "team-swiss"]
[EventDate "2022.12.26"]

1. d4 d5 2. Nf3 Nc6 3. Bf4 Bf5 4. e3 Nf6 5. c4 e6 6. Nc3 Nb4 7. Rc1 Ne4 8. a3
Nxc3 9. bxc3 Na2 10. Ra1 Nxc3 11. Qb3 Ne4 12. Qb5 c6 13. Qxb7 Nd6 14. Qxc6 Ke7
15. Bxd6 Qxd6 16. Qxa8 Qd8 17. Qxa7 Qd7 18. Qxd7 Kxd7 19. a4 Bb4 20. Kd1 Ra8
21. Be2 dxc4 22. Bxc4 h6 23. Ke2 Bc3 24. Ra2 g5 25. Bd3 Bg4 26. Rb1 Bf5 27. Rb7
Kc8 28. Rxf7 Bxd3 29. Kxd3 Bb4 30. Rg7 Ra6 31. Kc4 Ba5 32. Kb5 Ra8 33. Ne5 1-0